One Piece Charters By Picture 2# - Statistics

General Stats
  • This quiz has been taken 1,098 times
  • The average score is 12 of 16
Answer Stats
Picture Answer % Correct
Buggy
99%
Arlong
96%
Smoker
95%
Dragon
94%
Vivi
93%
Zeff
90%
Alvida
88%
Laboon
87%
Don Krieg
79%
tashigi
71%
Karoo
69%
Makino
65%
Nojiko
65%
Hina
60%
Hachan
55%
Genzo
41%
No matching quizzes found
Score Distribution
Percent of People with Each Score
Percentile by Number Answered
Your Score History
You have not taken this quiz